| 000 | 00313nam a22000977a 4500 | ||
|---|---|---|---|
| 008 | 150623b xxu||||| |||| 00| 0 eng d | ||
| 010 | _8HCCRSARF:008 | ||
| 245 | _aHIGH COURT CRIMINAL SESSION NO.512 OF 1970 Uganda Vs Pantaleo Lomog | ||
| 260 | _aHigh Court Kampala | ||
| 500 | _3BEFOFRE: Hon. Mr. Justice Mr. Saulo Musoke | ||
| 999 |
_c6597 _d6597 |
||